000 00508nam a2200181Ia 4500
999 _c20222
_d20222
003 OSt
005 20200707145732.0
008 190216s9999||||xx |||||||||||||| ||und||
020 _a0521241308
040 _coclc
082 _a951
_bGER/H
100 _aGernet, Jacques
_93624
245 0 _aA History Of Chinese Civilization /
_cJacques Gernet
250 _a1st Ed.
260 _bCambridge Uty Press,
_c1985.
_aLondon:
300 _a772p
942 _cBK
_2ddc
_h951
_iGER/H
_k951
_mGER/H